000 00504nam a22001697a 4500
999 _c163749
_d163749
005 20190430112717.0
010 _aENG-125101
020 _a9789387871328
_c130.00
037 _bDBAD/PUB
082 _a746.6
100 _aManonmani,G
245 _aFabric finishes,quality evaluation of dyeing and printing/
_cby G.Manonmani
260 _aTamil Nadu
_bShanlax Publications
_c2018
270 _a61,66 T.P.K.Main Road,Vasantha Nagar
_bMadurai
_e625003
300 _a62p
_b21cm
942 _2ddc
_cEN
_kMAN
_m746.6